Il libro nel mondo antico.
Guardat en:
| Autor principal: | |
|---|---|
| Altres autors: | , |
| Format: | Llibre |
| Idioma: | anglès |
| Publicat: |
Bari, Italia:
Edizioni Dedalo,
2008.
|
| Etiquetes: |
Afegir etiqueta
Sense etiquetes, Sigues el primer a etiquetar aquest registre!
|
MARC
| LEADER | 00000nam a22000007a 4500 | ||
|---|---|---|---|
| 003 | CL-VaPUC | ||
| 005 | 20220822114435.0 | ||
| 008 | 220317t2008 ||||| |||| 00| 0 eng d | ||
| 999 | |c 434920 |d 434918 | ||
| 040 | |c Pontificia Universidad Católica de Valparaíso | ||
| 082 | 7 | |a 002.09 BLA 2008 |2 22 | |
| 100 | 1 | |a Blanck, Horst |e autore |9 867319 | |
| 245 | |a Il libro nel mondo antico. | ||
| 260 | |a Bari, Italia: |b Edizioni Dedalo, |c 2008. | ||
| 300 | |a 347 páginas. | ||
| 500 | |a c.1 Donación Familia Prof. Alejandro Guzmán Brito. | ||
| 583 | |c 20220317 |k Yessy Stephany Diaz Vidal | ||
| 700 | |a Otranto, Rosa |e edizione rivista e aggiornata |9 867320 | ||
| 700 | |a Canfora, Luciano |e prefazione |9 867321 | ||
| 942 | |2 ddc |c BK |n 0 | ||
| 952 | |0 0 |1 0 |2 ddc |4 0 |6 002_090000000000000_BLA_2008 |7 1 |8 C_AGB |9 581919 |a BIBDER |b BIBDER |d 2022-03-17 |e Donación |i 5650152 |o 002.09 BLA 2008 |p 5650152 |r 2023-01-25 |t 1 |w 2022-03-17 |y BK_US |k AGB | ||